00000000nam 2200000za 4500
0019.849796
003CaOODSP
00520221107154013
007cr |||||||||||
008180110s1992    onc    #os|||f|0| 0|fre d
040 |aCaOODSP|bfre
041 |afre|aeng
043 |an-cn---
0861 |aCS22-008/1992-PDF
24500|aPotato historical series |h[ressource électronique] = |bSérie historique des pommes de terre.
24611|aSérie historique des pommes de terre
260 |a[Ottawa] : |bStatistique Canada, |c1992.
300 |a[40] p.
500 |aÉdition numérisée de l'imprimé [par Statistique Canada].
500 |a« Novembre 1992. »
520 |a« Ce rapport présente une série historique complète des données pour les pommes de terre compilées par la Division de l'agriculture de Statistique Canada »--Introduction.
546 |aTexte en français et en anglais.
69207|2gccst|aPomme de terre
69207|2gccst|aStatistiques de l'agriculture
7001 |aTrent, Michael.
7001 |aMcLaughlin, Barb.
7001 |aAlain, Bernadette.
7101 |aCanada. |bStatistique Canada. |bDivision de l'agriculture.
791 |tPotato historical series |eeng|w(CaOODSP)9.849794
85640|qPDF|s13.07 Mo|uhttps://publications.gc.ca/collections/collection_2018/statcan/CS22-008-1992.pdf
986 |a22-008